000 01045cam a22003257a 4500
003 CHAP
005 20220329142446.0
008 010316d2000 uk r 00110 eng d
010 _a83770
011 _a84742
020 _a0 85199 414 8
035 _a95268
040 _cCHAP
082 0 4 _a338.4791
_bF6
100 0 0 _aFont, Xavier
_eed.
_942154
245 1 0 _aForest tourism and recreation :
_bcase studies in environmental management
_c/ed. by Xavier Font and John Tribe
260 _aOxon :
_bCABI publishing,
_c2000.
300 _a292 p.
590 _aBATCH-UPD
_b10
_c20130110
_lUCH01
_h0538
590 _aBATCH-UPD
_b10
_c20130410
_lUCH01
_h0219
590 _aBATCH-UPD
_b10
_c20130914
_lUCH01
_h0722
590 _aCONVERSION
_b10
_c20130109
_lUCH01
_h1347
650 1 4 _aBosques
_xProtección.
_914369
650 1 4 _aEcoturismo.
_935298
700 0 _aTribe, John
_eed.
_9114912
901 _aBK
905 _aLilia Sánchez G.
942 _cLIBRO
949 _a338.4791 F6
_bBC
_cLIBRO
_d33724000820411
_eLIBRO
_gI.211055
_h99889
_i95268
_si
_t$820.00
999 _c83770
_d83770